<?xml version="1.0" encoding="UTF-8"?><?xml-stylesheet type="text/xsl" href="static/style.xsl"?><OAI-PMH xmlns="http://www.openarchives.org/OAI/2.0/" xmlns:xsi="http://www.w3.org/2001/XMLSchema-instance" xsi:schemaLocation="http://www.openarchives.org/OAI/2.0/ http://www.openarchives.org/OAI/2.0/OAI-PMH.xsd"><responseDate>2026-04-17T03:56:08Z</responseDate><request verb="GetRecord" identifier="oai:www.recercat.cat:20.500.14342/4835" metadataPrefix="marc">https://recercat.cat/oai/request</request><GetRecord><record><header><identifier>oai:recercat.cat:20.500.14342/4835</identifier><datestamp>2025-05-31T23:46:17Z</datestamp><setSpec>com_2072_482405</setSpec><setSpec>com_2072_183628</setSpec><setSpec>col_2072_482411</setSpec></header><metadata><record xmlns="http://www.loc.gov/MARC21/slim" xmlns:dcterms="http://purl.org/dc/terms/" xmlns:xsi="http://www.w3.org/2001/XMLSchema-instance" xmlns:doc="http://www.lyncode.com/xoai" xsi:schemaLocation="http://www.loc.gov/MARC21/slim http://www.loc.gov/standards/marcxml/schema/MARC21slim.xsd">
   <leader>00925njm 22002777a 4500</leader>
   <datafield ind2=" " ind1=" " tag="042">
      <subfield code="a">dc</subfield>
   </datafield>
   <datafield ind2=" " ind1=" " tag="720">
      <subfield code="a">Mas Mestre, Joana Maria</subfield>
      <subfield code="e">author</subfield>
   </datafield>
   <datafield ind2=" " ind1=" " tag="720">
      <subfield code="a">Dunst, Carl J.</subfield>
      <subfield code="e">author</subfield>
   </datafield>
   <datafield ind2=" " ind1=" " tag="720">
      <subfield code="a">Balcells, Anna</subfield>
      <subfield code="e">author</subfield>
   </datafield>
   <datafield ind2=" " ind1=" " tag="720">
      <subfield code="a">García-Ventura, Simón</subfield>
      <subfield code="e">author</subfield>
   </datafield>
   <datafield ind2=" " ind1=" " tag="720">
      <subfield code="a">Giné Giné, Climent</subfield>
      <subfield code="e">author</subfield>
   </datafield>
   <datafield ind2=" " ind1=" " tag="720">
      <subfield code="a">Cañadas, Margarita</subfield>
      <subfield code="e">author</subfield>
   </datafield>
   <datafield ind2=" " ind1=" " tag="260">
      <subfield code="c">2019-11</subfield>
   </datafield>
   <datafield ind2=" " ind1=" " tag="520">
      <subfield code="a">Background&#xd;
Research evidence from studies in North America on the relationships between family-centered practices, parents’ self-efficacy beliefs, parenting confidence and competence beliefs, and parents’ psychological well-being was used to confirm or disconfirm the same relationships in two studies in Spain.&#xd;
Aims&#xd;
The aim of Study 1 was to determine if results from studies in North America could be replicated in Spain and the aim of Study 2 was to determine if results from Study 1 could be replicated with a second sample of families in Spain.&#xd;
Methods and procedures&#xd;
A survey including the study measures was used to obtain data needed to evaluate the relationships among the variables of interest. The participants were 105 family members in Study 1 and 310 family members in Study 2 recruited from nine early childhood intervention programs. Structural equation modeling was used to test the direct and indirect effects of the study variables on parents’ well-being.&#xd;
Outcomes and results&#xd;
Results showed that family-centered practices were directly related to both self-efficacy beliefs and parenting beliefs, and indirectly related to parents’ psychological well-being mediated by belief appraisals.&#xd;
Conclusion and implications&#xd;
The pattern of results was similar to those reported in other studies of family-centered practices. Results indicated that the use of family-centered practices can have positive effects on parent well-being beyond that associated with different types of belief appraisals.</subfield>
   </datafield>
   <datafield ind1="8" ind2=" " tag="024">
      <subfield code="a">http://hdl.handle.net/20.500.14342/4835</subfield>
   </datafield>
   <datafield ind1="8" ind2=" " tag="024">
      <subfield code="a">https://doi.org/10.1016/j.ridd.2019.103495</subfield>
   </datafield>
   <datafield tag="653" ind2=" " ind1=" ">
      <subfield code="a">Família</subfield>
   </datafield>
   <datafield tag="653" ind2=" " ind1=" ">
      <subfield code="a">Trastorns del desenvolupament</subfield>
   </datafield>
   <datafield tag="653" ind2=" " ind1=" ">
      <subfield code="a">Discapacitat intel·lectual</subfield>
   </datafield>
   <datafield ind2="0" ind1="0" tag="245">
      <subfield code="a">Family-centered practices and the parental well-being of young children with disabilities and developmental delay</subfield>
   </datafield>
</record></metadata></record></GetRecord></OAI-PMH>